Guess the Movie by Poster - Part I - Statistics

General Stats
  • This quiz has been taken 16 times
  • The average score is 3 of 12
Answer Stats
Picture Hint Answer % Correct
Steve Carell (2006) Little Miss Sunshine
80%
Ian Holm (1999) Animal Farm
73%
Rena Owen (1994) Once Were Warriors
27%
Cary Grant (1946) Notorious
20%
El Hedi ben Salem (1974) Ali: Fear Eats the Soul
13%
Josh Hartnett (2006) Lucky Number Slevin
13%
Sam Waterston (1984) The Killing Fields
13%
Kari Matchett (2002) Cube 2: Hypercube
7%
Nargis (1957) Mother India
7%
Josh Zuckerman (2008) Sex Drive
7%
Aidan Gillen (2000) The Low Down
7%
Lior Ashkenazi (2004) Walk on Water
7%
No matching quizzes found
Score Distribution
Percent of People with Each Score
Percentile by Number Answered
Your Score History
You have not taken this quiz